|
|
|
|
| LEADER |
00000nam a22000007a 4500 |
| 005 |
2022042002472.0 |
| 007 |
cr|||| |||| |
| 008 |
220420s2020 es |||||s|||| 00||0 spa d |
| 020 |
|
|
|a 978-84-122429-1-1
|
| 035 |
|
|
|a 35586
|
| 040 |
|
|
|a vLex
|
| 090 |
|
|
|c 13202
|d 13202
|
| 100 |
1 |
|
|a Piva Torres, Gianni Egidio
|
| 245 |
1 |
0 |
|a Teora̕ del bien jurd̕ico tutelado por el derecho penal espaǫl
|h [Recurso electrn̤ico] :
|b Referencia a los Principales Bienes Jurd̕icos de los Tipos Penales del Cd̤igo Penal /
|c Gianni Egidio Piva Torres, Elsa Norma Delgado Rueda
|
| 256 |
|
|
|a Servicio en ln̕ea
|
| 260 |
|
|
|a Barcelona:
|b J.M. Bosch Editor,
|c 2020
|
| 300 |
|
|
|a 1 recurso electrn̤ico
|
| 500 |
|
|
|a La obra desarrolla uno de los aspectos ms̀ importantes del Derecho Penal, por cuanto de un lado legitima el ius puniendi, pero por otro ejerce su funcin̤ como limitante del mismo. En la obra se estudia el bien jurd̕ico tutelado, desde las primeras doctrinas hasta las ms̀ recientes expresiones jurd̕icas dogmaticas en la materia. En su estudio, los autores parten de la distincin̤ y fuente del bien jurd̕ico, sus principios y titularidad, para luego adentrarse en el estudio temt̀ico en cada uno de los tipos penales consagrados en el Cd̤igo Penal Espaǫl.
|
| 506 |
1 |
|
|a Disponible solo en los productos indicados
|d vLex Global
|d vLex Global (Academic Edition, excluding Law Schools)
|d vLex Global (U.S. Academic Edition, Law Schools)
|d vLex Global (U.S. Academic Edition, excluding Law Schools)
|d vLex Global (Academic Edition, Law Schools)
|
| 650 |
0 |
4 |
|a Derecho Penal
|z Espaą
|
| 650 |
0 |
4 |
|a Procedimiento Penal
|z Espaą
|
| 700 |
1 |
|
|a Delgado Rueda, Elsa Norma
|
| 740 |
0 |
|
|a vLex Libros (Servicio en ln̕ea)
|
| 856 |
4 |
0 |
|u https://app.vlex.com/#/sources/35586
|z Acceso restringido
|
| 942 |
|
|
|c BOOK
|
| 999 |
0 |
|
|a Criminal Law
|
| 999 |
0 |
|
|a Criminal Procedure
|